| 000 | 00666cam a2200217 i 4500 | ||
|---|---|---|---|
| 001 | sa 68002911 | ||
| 003 | DLC | ||
| 005 | 20260227112447.0 | ||
| 008 | 040714s1964 ii 000 0 tamr | ||
| 010 | _asa 68002911 | ||
| 040 |
_aDLC _cDLC |
||
| 050 | 0 | 0 |
_aPL4758.9.T49 _bC534 1964 |
| 100 | 1 |
_aÑān̲amūrtti, Tā. Ē., _d1911- |
|
| 245 | 1 | 0 |
_aCintāmaṇic celvam / _cTā. Ē. Ñān̲amūrtti. |
| 250 | _a3. patippu. | ||
| 260 |
_aKōyamuttūr : _bVir̲pan̲ai urimai, Merkkuri Puttakak Kampen̲i, _c1964. |
||
| 300 |
_av, 142 p. ; _c18 cm. |
||
| 490 | 0 | _aMallika veḷiyīṭu ; 11 | |
| 546 | _aIn Tamil. | ||
| 600 | 0 | 0 |
_aTiruttakkatēvar. _tCīvakacintāmaṇi. |
| 999 |
_c79082 _d79082 |
||